Suomalaisia julkkiksia #2 - Statistics

Yleistilastot
  • Tätä visaa on pelattu 292 kertaa
  • Keskiarvotulos 11 / 16
Vastaustilastot
Kuvavisa Vastaus % Oikein
Lauri Tähkä
95%
Cheek
91%
Ellinoora
91%
Niko Saarinen
88%
Maria Veitola
87%
Erika Vikman
86%
Juha Tapio
85%
Kimi Räikkönen
81%
Jasper Pääkkönen
70%
Kiira Korpi
63%
Kaisa Mäkäräinen
60%
Pamela Tola
47%
Kari Aihinen
40%
Tiina Lymi
35%
Pihla Viitala
30%
Saara Sihvonen
3%
Ehtoja vastaavia visoja ei löytynyt
Tulosjakauma
Jokaisen tuloksen saaneiden osuus
Persentiili vastausten määrän mukaan
Tuloshistoriasi
Et ole pelannut tätä visaa